000 00873nam a22002777a 4500
001 BR8007540
003 BR-BrBNA
005 20230928090852.0
007 ta
008 230509b bl.||||| |||| 00| 0 por d
040 _aBR-BrBNA
_bpor
_cBiblioteca Nacional de Agricultura
041 _a(Por)
072 _aM01; E70
090 _ M01 BR8007540
110 1 _aSuperintendencia do Desenvolvimento da Pesca, Brasilia, DF (Brasil). Depto. de Pesquisa e Tecnologia
_910068
111 1 _a1. Encontro Nacional de Pesquisa Pesqueira
_cBrasilia, DF (Brazil)
_d9-13 Oct 1978
245 1 _aAnais do 1. Encontro Nacional de Pesquisa Pesqueira
260 3 _aBrasilia, DF (Brasil):
_c1980.
300 _a321 p.
500 _a30 illus.
650 _aPESCA
650 _aCOMERCIALIZACAO
650 _aPESQUISA PESQUEIRA
909 _a202309
_bLucia
_c55
_dLucia Elande
942 _cBK
999 _c30997
_d30997